Contabilidad financiera: (Registro nro. 17178)
[ vista simple ]
| 000 -Cabecera | |
|---|---|
| Campo de control interno | 01102nam a2200229Ia 4500 |
| 005 - Fecha y hora del registro | |
| control field | 20260327113748.0 |
| 008 - Elementos de Longitud Fija | |
| fixed length control field | 260306t2012||||xx |||||||||||||| ||und|| |
| 041 ## - Idioma | |
| Codigo Idioma | ESP |
| 082 ## - DEWEY y NOTACIÓN INTERNA | |
| Dewey | 657.48 |
| Notación Interna | S81 |
| 100 ## - AUTOR | |
| Autor denominación | Stickney, Clyde P. |
| Término de relación | autor |
| 245 #0 - TÍTULO DE MATERIAL BIBLIOGRÁFICO | |
| Título | Contabilidad financiera: |
| Título paralelo | una introducción a conceptos, métodos y usos |
| 260 ## - CIUDAD, EDITORIAL, AÑO | |
| Año | 2012 |
| 300 ## - DESCRIPCIÓN | |
| N° Páginas | xxix, 824 páginas : |
| Dimensiones | 27 cm. |
| 650 ## - TEMAS | |
| Temas | Generalidades |
| 654 ## - PROGRAMAS | |
| Programa | Dpto. de Contabilidad |
| 856 ## - URL - UBICACIÓN | |
| URI/URL: Enlace exacto del recurso | <a href="https://0u213tvtt-y-https-ebooks7--24-com.itmsp.museknowledge.com/?il=41241&pg=s9ml/chapter01/half.xhtml#data-uuid-0a90bee1828842969dc833630e905570">https://0u213tvtt-y-https-ebooks7--24-com.itmsp.museknowledge.com/?il=41241&pg=s9ml/chapter01/half.xhtml#data-uuid-0a90bee1828842969dc833630e905570</a> |
| Nota pública: Versión digital | <a href="Véase además: Contabilidad Financiera, por Guajardo, Gerardo. Versión digital">Véase además: Contabilidad Financiera, por Guajardo, Gerardo. Versión digital</a> |
| 856 ## - URL - UBICACIÓN | |
| URI/URL: Enlace exacto del recurso | <a href="https://0u213tvwy-y-https-ebooks7--24-com.itmsp.museknowledge.com/biblioteca.aspx">https://0u213tvwy-y-https-ebooks7--24-com.itmsp.museknowledge.com/biblioteca.aspx</a> |
| Nota pública: Versión digital | <a href="Véase además: Base de datos Ebook7-24">Véase además: Base de datos Ebook7-24</a> |
| 856 ## - URL - UBICACIÓN | |
| URI/URL: Enlace exacto del recurso | <a href="https://0u20ftx8u-y-https-research-ebsco-com.itmsp.museknowledge.com/c/qxo6us/search">https://0u20ftx8u-y-https-research-ebsco-com.itmsp.museknowledge.com/c/qxo6us/search</a> |
| Nota pública: Versión digital | <a href="Véase además: Base de datos EBSCOhost">Véase además: Base de datos EBSCOhost</a> |
| 856 ## - URL - UBICACIÓN | |
| URI/URL: Enlace exacto del recurso | <a href="https://legal.legis.com.pe/home/Corporativo">https://legal.legis.com.pe/home/Corporativo</a> |
| Nota pública: Versión digital | <a href="Véase además: Base de datos Multilegis">Véase además: Base de datos Multilegis</a> |
| 942 ## - ELEMENTOS DE KOHA | |
| Tipo de documento | Libro |
| Nombre del creador | Justo Noguera |
| Código de catalogador | Justo Noguera |
| Esquema de clasificación | Dewey Decimal Classification |
| Codigo completo | Registro | Colección | Copia número | Disponibilidad | Tipo de préstamo | Biblioteca Actual | Procedencia (Biblioteca) | Ubicacón | Fecha Ingreso | Tipo de Adquisición | Date last seen | Total checkouts | Date last checked out | Price effective from | Tipo de Item | Estado del Material | Fuente de Clasificación | Damaged status | Withdrawn status |
|---|---|---|---|---|---|---|---|---|---|---|---|---|---|---|---|---|---|---|---|
| 657.48 S81 | 1064400 | Universidad Católica San Pablo | 1 | Disponible | Disponible | Víctor Andrés Belaunde | Víctor Andrés Belaunde | Primer piso | 03/06/2026 | Compra | 06/04/2026 | 1 | 01/04/2026 | 06/03/2026 | Libro | Bueno | Dewey Decimal Classification | ||
| 657.48 S81 | 1064401 | Universidad Católica San Pablo | 2 | Disponible | Disponible | Víctor Andrés Belaunde | Víctor Andrés Belaunde | Primer piso | 03/06/2026 | Compra | 06/03/2026 | 06/03/2026 | Libro | Bueno | Dewey Decimal Classification |




